000 00417nam a2200157Ia 4500
008 230917s9999||||xx |||||||||||||| ||und||
020 _cPON12.95
040 _e21307
_aMAIN
041 _aEnglish
082 _a519.2 R18P
100 _aRao, G Shanker
245 0 _aProbability and statistics for science and engineering
260 _aHyderabad
_bUniversities Press
_c2011
300 _axviii, 506 p.
942 _cBK
999 _c214386
_d214386